A fresh beginning for European urban policy (Record no. 69844)
[ view plain ]
| 000 -LEADER | |
|---|---|
| fixed length control field | 00297cam a2200109 4500 |
| 008 - FIXED-LENGTH DATA ELEMENTS--GENERAL INFORMATION | |
| fixed length control field | 020326n2002 000 0 eng u |
| 035 ## - SYSTEM CONTROL NUMBER | |
| System control number | (Sirsi) u117245 |
| 245 #2 - TITLE STATEMENT | |
| Title | A fresh beginning for European urban policy |
| 260 ## - PUBLICATION, DISTRIBUTION, ETC. | |
| Date of publication, distribution, etc. | 2002 |
| 490 ## - SERIES STATEMENT | |
| Series statement | RICS European Alert |
| Volume/sequential designation | January 2002, 1-2(2) |
| 942 ## - ADDED ENTRY ELEMENTS (KOHA) | |
| Suppress in OPAC | 0 |
| Withdrawn status | Lost status | Source of classification or shelving scheme | Damaged status | Not for loan | Home library | Current library | Shelving location | Date acquired | Total Checkouts | Barcode | Date last seen | Copy number | Price effective from | Koha item type |
|---|---|---|---|---|---|---|---|---|---|---|---|---|---|---|
| Dewey Decimal Classification | London | London | Journal article | 26/03/2002 | 117245-1001 | 06/08/2019 | 1 | 06/08/2019 | Journal article |